000 00448cam a22001934a 4500
005 20250605164324.0
008 250528s ||||||||||||||||||||||||d
035 _a22965
020 _a9780321223425
040 _aGR-AtMCL
_bgre
_dGR-AtMCL
_eAACR2
245 1 _aSoftware Project Management
250 _a1
260 _bPearson,
_c2004
300 _a409
700 1 _aHenry Joel
_98572
942 _cBK
999 _c8007
_d8007